000 00727nam a2200289Ia 4500
005 20260324120822.0
008 008 260324s9999 xx 000 0 eng d
020 _a9781315246833
037 _aEBOOK
040 _aCRL
040 _beng
040 _cCRL
041 _2eng
041 _aeng
084 _qCRL
100 _aPenny Howell Jolly
_91160095
245 0 _aPicturing the 'Pregnant' Magdalene in Northern Art, 1430-1550
245 0 _bAddressing and Undressing the Sinner-Saint
260 _bTaylor and Francis
260 _c2014
365 _a
365 _b230
856 _uhttp://www.taylorfrancis.com/books/9781315246833
942 _cEBOOK
999 _c1751818
_d1751818